Principles of tourism / (Record no. 2212)

MARC details
000 -LEADER
fixed length control field 00599nam a2200217 4500
003 - CONTROL NUMBER IDENTIFIER
control field OSt
005 - DATE AND TIME OF LATEST TRANSACTION
control field 20240715083358.0
008 - FIXED-LENGTH DATA ELEMENTS--GENERAL INFORMATION
fixed length control field 240715b |||||||| |||| 00| 0 eng d
020 ## - INTERNATIONAL STANDARD BOOK NUMBER
International Standard Book Number 9789712723636
040 ## - CATALOGING SOURCE
Original cataloging agency DWCL-HMN lib.
Transcribing agency OC
082 ## - DEWEY DECIMAL CLASSIFICATION NUMBER
Classification number Fil. 338.4 V624p 2010
006 - FIXED-LENGTH DATA ELEMENTS--ADDITIONAL MATERIAL CHARACTERISTICS
fixed length control field a
100 ## - MAIN ENTRY--PERSONAL NAME
Personal name Vibal, Victor R.
245 ## - TITLE STATEMENT
Title Principles of tourism /
260 ## - PUBLICATION, DISTRIBUTION, ETC.
Place of publication, distribution, etc. Pasig City:
Name of publisher, distributor, etc. Anvil Pub., Inc.,
Date of publication, distribution, etc. c2010.
300 ## - PHYSICAL DESCRIPTION
Extent xiii,
Other physical details 117 p. : ill.;
Dimensions 25 cm.
504 ## - BIBLIOGRAPHY, ETC. NOTE
Bibliography, etc. note Includes bibliographical references.
650 ## - SUBJECT ADDED ENTRY--TOPICAL TERM
Topical term or geographic name entry element 1. Tourist trade.
650 ## - SUBJECT ADDED ENTRY--TOPICAL TERM
Topical term or geographic name entry element 2. Travel.
942 ## - ADDED ENTRY ELEMENTS (KOHA)
Source of classification or shelving scheme Dewey Decimal Classification
Suppress in OPAC No
Koha item type Book-Filipiniana
Call number prefix Fil.
Holdings
Withdrawn status Lost status Source of classification or shelving scheme Damaged status Not for loan Home library Current library Shelving location Date acquired Source of acquisition Cost, normal purchase price Total Checkouts Full call number Barcode Date last seen Copy number Price effective from Koha item type Uniform Resource Identifier
    Dewey Decimal Classification     HM & Nursing Library HM & Nursing Library Filipiniana 03/20/2010 School Fund 625.00   Fil. 338.4 V624p 2010 47128 07/15/2024 c1 07/15/2024 Book-Filipiniana
    Dewey Decimal Classification     HM & Nursing Library HM & Nursing Library Filipiniana 03/20/2010 School Fund 625.00   Fil. 338.4 V624p 2010 47129 07/15/2024 c2 07/15/2024 Book-Filipiniana
    Dewey Decimal Classification     HM & Nursing Library HM & Nursing Library Filipiniana 07/28/2010 School Fund 395.00   Fil. 338.4 V624p 2010 47638 07/15/2024 c3 07/15/2024 Book-Filipiniana